000
00264nam a22001337a 4500
003
SGT
082
_a
370
_b
S16N
100
_a
NAGI, KUNAL
245
_a
SPRINTING
260
_a
NEW DELHI
_b
SPORTS PUB
_c
2016
300
_a
72
650
_a
EDUCATION
942
_2
ddc
_c
BK
999
_c
12351
_d
12351